Mezinárodní obchod strojírenskými výrobky a postavení Československa. I část.
Údaje o raste strojárskej výroby vo svete za posledných 20 rokov. Najrýchlejší rast v rozvojových krajinách a netrhových ekonomikách. Zvyšovanie podielu strojárskych výrobkov na celkovom svetovom obchode v posledných rokoch. Teritoriálna štruktúra svetového vývozu strojov. Hodnota svetového strojárs...
Salvato in:
| Autore principale: | |
|---|---|
| Natura: | Capitolo di libro |
| Lingua: | ceco |
| Soggetti: | |
| Tags: |
Nessun Tag, puoi essere il primo ad aggiungerne!!
|
MARC
| LEADER | 00000naa a2200000 4500 | ||
|---|---|---|---|
| 001 | r002430 | ||
| 005 | 20220909074051.7 | ||
| 041 | 0 | |a cze | |
| 044 | |a [CS] | ||
| 245 | 1 | 0 | |a Mezinárodní obchod strojírenskými výrobky a postavení Československa. I část. |c O. Touš |
| 520 | |a Údaje o raste strojárskej výroby vo svete za posledných 20 rokov. Najrýchlejší rast v rozvojových krajinách a netrhových ekonomikách. Zvyšovanie podielu strojárskych výrobkov na celkovom svetovom obchode v posledných rokoch. Teritoriálna štruktúra svetového vývozu strojov. Hodnota svetového strojárskeho vývozu. Prognóza vývoja strojárskeho vývozu a dovozu do r. 1995. | ||
| 610 | 2 | 0 | |a priemysel strojársky |
| 610 | 2 | 0 | |a obchod zahraničný |
| 610 | 2 | 0 | |a ČSFR |
| 610 | 2 | 0 | |a dovoz |
| 610 | 2 | 0 | |a vývoz |
| 610 | 2 | 0 | |a porovnanie štatistické medzinárodné |
| 610 | 2 | 0 | |a štruktúra vývozu |
| 100 | 1 | |a Touš, O. | |